[Event "DUBAI CUP 2004"]
[Site "Tagaytay, PHI"]
[Date "2004.03.25"]
[Round "6.2"]
[White "Li, Shilong"]
[Black "Halay, Taufik"]
[Result "0-1"]
[WhiteElo "2525"]
[BlackElo "2212"]
[PlyCount "98"]
[EventDate "2004.03.21"]

1. d4 Nf6 2. Nf3 c5 3. d5 d6 4. Nc3 g6 5. e4 Bg7 6. Be2 O-O 7. O-O Na6 8. Bf4
Nc7 9. a4 a6 10. Re1 Rb8 11. a5 b6 12. axb6 Rxb6 13. Nd2 Nd7 14. Na4 Rb8 15.
Nc4 f5 16. Na5 Bb7 17. Nxb7 Rxb7 18. exf5 Rxf5 19. Bg3 Nb6 20. Bd3 Nxa4 21.
Rxa4 Rf7 22. h4 Qd7 23. Rae4 Rxb2 24. h5 g5 25. Rg4 h6 26. f4 Rb1 27. Qf3 Rxe1+
28. Bxe1 Qa4 29. f5 Qa1 30. Re4 Nb5 31. Kh2 Nd4 32. Qg4 Be5+ 33. Rxe5 dxe5 34.
Bg3 Qa2 35. Be4 Qc4 36. Bxe5 Qe2 37. Qxe2 Nxe2 38. g4 Nd4 39. Bg2 Nxc2 40. Bc3
Ne3 41. Kg3 Nxg2 42. Kxg2 Rf8 43. Kf3 Kf7 44. Ke4 Rb8 45. Kd3 Rb4 46. Bxb4 cxb4
47. Kc4 a5 48. d6 exd6 49. Kb3 d5 0-1

[Event "DUBAI CUP 2004"]
[Site "Tagaytay, PHI"]
[Date "2004.03.25"]
[Round "6.2"]
[White "Antonio Jr, Rogelio"]
[Black "Moradiabadi, Elshan"]
[Result "1/2-1/2"]
[WhiteElo "2523"]
[BlackElo "2383"]
[PlyCount "68"]
[EventDate "2004.03.21"]

1. e4 e5 2. Nf3 Nc6 3. Bb5 a6 4. Ba4 Nf6 5. O-O b5 6. Bb3 Bc5 7. d3 O-O 8. a4
Rb8 9. axb5 axb5 10. Bg5 h6 11. Bh4 g5 12. Bg3 d6 13. c3 Bg4 14. Nbd2 Nh5 15.
Kh1 Qd7 16. h3 Be6 17. Nh2 Nf6 18. Bc2 Bb6 19. d4 exd4 20. f4 dxc3 21. bxc3 Qe7
22. Qf3 b4 23. e5 dxe5 24. fxg5 hxg5 25. Qxc6 Qd7 26. Qf3 Qxd2 27. Qxf6 Qxc2
28. Bxe5 Qh7 29. Nf3 Be3 30. Nxg5 Bxg5 31. Qxg5+ Qg6 32. Qh4 Qh7 33. Qg5+ Qg6
34. Qh4 Qh7 {unclear scoresheet and draw on 75 moves} 1/2-1/2

[Event "DUBAI CUP 2004"]
[Site "Tagaytay, PHI"]
[Date "2004.03.25"]
[Round "6.3"]
[White "Mallahi, Amir"]
[Black "Villamayor, Buenaventura"]
[Result "1/2-1/2"]
[WhiteElo "2378"]
[BlackElo "2469"]
[PlyCount "90"]
[EventDate "2004.03.21"]

1. e4 e6 2. d4 d5 3. Nc3 Bb4 4. Bd3 dxe4 5. Bxe4 Nf6 6. Bd3 c5 7. dxc5 Nbd7 8.
Bd2 Nxc5 9. Bc4 Bd7 10. Nf3 Rc8 11. Qe2 Na4 12. Nxa4 Bxd2+ 13. Nxd2 Bxa4 14.
O-O-O O-O 15. Ne4 Qe7 16. Nc3 Bc6 17. f3 a6 18. Kb1 b5 19. Bd3 Rfd8 20. h4 Qc5
21. g4 b4 22. Ne4 Bxe4 23. Bxe4 a5 24. g5 Nxe4 25. Qxe4 a4 26. h5 b3 27. Rxd8+
Rxd8 28. cxb3 axb3 29. g6 Qxh5 30. gxf7+ Kxf7 31. Qf4+ Qf5+ 32. Qxf5+ exf5 33.
axb3 Rd3 34. Kc2 Rxf3 35. b4 Re3 36. Rh2 f4 37. b5 Re5 38. b6 Rb5 39. Rh4 g5
40. Rh6 f3 41. Kd2 Rxb2+ 42. Ke3 g4 43. b7 Re2+ 44. Kf4 f2 45. Rh1 Rb2 1/2-1/2

[Event "DUBAI CUP 2004"]
[Site "Tagaytay, PHI"]
[Date "2004.03.25"]
[Round "6.4"]
[White "Gonzales, Jayson"]
[Black "Ghorbani, Mohsen"]
[Result "1-0"]
[WhiteElo "2403"]
[BlackElo "2322"]
[PlyCount "103"]
[EventDate "2004.03.21"]

1. c4 e6 2. g3 d5 3. Bg2 Nf6 4. Nf3 Be7 5. O-O O-O 6. Qc2 Nbd7 7. b3 c5 8. cxd5
exd5 9. d4 b6 10. Bb2 Bb7 11. Nc3 Rc8 12. Rac1 Re8 13. Rfd1 Bf8 14. Qb1 g6 15.
e3 a6 16. dxc5 bxc5 17. Ne1 Nb6 18. Ne2 Qe7 19. Bxf6 Qxf6 20. Nf4 Red8 21. Rc2
Rb8 22. Qc1 c4 23. Nf3 a5 24. Nd4 a4 25. bxa4 Ra8 26. Nde2 g5 27. Nh5 Qg6 28.
g4 Bc8 29. h3 Rxa4 30. e4 Bc5 31. Nc3 Rb4 32. Nxd5 Nxd5 33. exd5 f5 34. Rxc4
Rxc4 35. Qxc4 Bd6 36. Qd4 Rf8 37. Re1 Bd7 38. a4 Kf7 39. Re6 Bxe6 40. dxe6+ Ke7
41. Qa7+ Kxe6 42. Ng7+ Ke5 43. Qe3+ Kf6 44. Qd4+ Ke7 45. Qa7+ Kd8 46. Qa8+ Ke7
47. Qa7+ Kd8 48. Bd5 Rf6 49. gxf5 Qh6 50. Qa8+ Kd7 51. Bc6+ Kc7 52. Qb7+ 1-0

[Event "DUBAI CUP 2004"]
[Site "Tagaytay, PHI"]
[Date "2004.03.25"]
[Round "6.1"]
[White "Megaranto, Susanto"]
[Black "Faisal, Alsharhan"]
[Result "1-0"]
[WhiteElo "2458"]
[BlackElo "2125"]
[PlyCount "67"]
[EventDate "2004.03.21"]

1. e4 c6 2. d4 d5 3. Nc3 dxe4 4. Nxe4 Nd7 5. Ng5 Ngf6 6. Bd3 e6 7. Qe2 Bd6 8.
N1f3 h6 9. Ne4 Nxe4 10. Qxe4 Nf6 11. Qe2 O-O 12. Bd2 b6 13. O-O-O Bb7 14. g4
Qc7 15. g5 hxg5 16. Bxg5 Bf4+ 17. Kb1 Bxg5 18. Nxg5 c5 19. Rhg1 Rac8 20. Nh7
Qf4 21. Nxf8 Kxf8 22. Qe5 Qxd4 23. Qg5 Bf3 24. Be2 Ne4 25. Rxd4 Nxg5 26. Rxg5
Bxe2 27. Rd7 Ra8 28. b3 g6 29. Rg3 Bb5 30. Rc7 Be2 31. a4 Bf1 32. Rf3 f5 33.
Rg3 Rd8 34. Rxg6 1-0

[Event "DUBAI CUP 2004"]
[Site "Tagaytay, PHI"]
[Date "2004.03.25"]
[Round "6.2"]
[White "Taleb, Moussa"]
[Black "Purnama, Tirta Chandra"]
[Result "1-0"]
[WhiteElo "2459"]
[BlackElo "2289"]
[PlyCount "73"]
[EventDate "2004.03.21"]

1. Nf3 Nf6 2. d4 d5 3. c3 c5 4. a3 Qc7 5. g3 e6 6. Bg2 Nc6 7. O-O Bd6 8. b4
cxd4 9. cxd4 Ne4 10. Bb2 Qb6 11. Ne5 Nf6 12. Nxc6 Qxc6 13. Nc3 O-O 14. Rc1 Qb6
15. e4 dxe4 16. Nxe4 Nxe4 17. Bxe4 a5 18. Rc4 f5 19. Bd3 axb4 20. axb4 Bd7 21.
d5 e5 22. Rh4 Ra4 23. Re1 Be7 24. Rc4 e4 25. d6 Bxd6 26. b5 Ra2 27. Rc6 bxc6
28. Bc4+ Kh8 29. Qxd6 Qb8 30. Qxb8 Rxb8 31. Bxa2 Rxb5 32. Bc3 Rc5 33. Rc1 Rb5
34. Rd1 Rb7 35. Rd6 Ra7 36. Be6 Bxe6 37. Rxe6 1-0

[Event "DUBAI CUP 2004"]
[Site "Tagaytay, PHI"]
[Date "2004.03.25"]
[Round "6.4"]
[White "Saeed, Ishaq"]
[Black "Handoko, Edhi"]
[Result "0-1"]
[WhiteElo "2081"]
[BlackElo "2405"]
[PlyCount "50"]
[EventDate "2004.03.21"]

1. d4 d5 2. c4 e5 3. dxe5 d4 4. e3 Bb4+ 5. Bd2 dxe3 6. fxe3 Qh4+ 7. g3 Qe4 8.
Bxb4 Qxh1 9. Nf3 Bg4 10. Nbd2 Nc6 11. Bc3 O-O-O 12. Qe2 Rxd2 13. Qxd2 Qxf3 14.
Bg2 Qf5 15. Bd5 Nge7 16. e4 Qf3 17. Qf2 Qh1+ 18. Qf1 Qxh2 19. Qf2 Qh1+ 20. Qf1
Qxf1+ 21. Kxf1 Be6 22. b3 Ng6 23. Bxc6 bxc6 24. Kf2 h5 25. Rh1 h4 0-1

[Event "DUBAI CUP 2004"]
[Site "Tagaytay, PHI"]
[Date "2004.03.25"]
[Round "6.1"]
[White "Ali, Alhalila"]
[Black "Paragua, Mark"]
[Result "0-1"]
[WhiteElo "2050"]
[BlackElo "2529"]
[PlyCount "68"]
[EventDate "2004.03.21"]

1. Nf3 Nf6 2. c4 g6 3. Nc3 Bg7 4. g3 O-O 5. Bg2 d6 6. O-O e5 7. d3 Nc6 8. Re1
h6 9. h3 Be6 10. e4 Qd7 11. Kh2 Nh7 12. b3 f5 13. Rf1 f4 14. Ng1 Nd4 15. g4 h5
16. f3 hxg4 17. hxg4 Qd8 18. Nh3 Qh4 19. Kg1 Bxg4 20. fxg4 f3 21. Bxf3 Nxf3+
22. Rxf3 Qxg4+ 23. Kf2 Qxh3 24. Rxf8+ Rxf8+ 25. Ke1 Rf1+ 26. Kd2 Rxd1+ 27. Nxd1
Bh6+ 28. Kc2 Qg2+ 29. Kc3 Bxc1 30. Rxc1 Qxa2 31. Ne3 Qf2 32. Nd5 c6 33. Nb4 g5
34. Nc2 g4 0-1

[Event "DUBAI CUP 2004"]
[Site "Tagaytay, PHI"]
[Date "2004.03.25"]
[Round "6.1"]
[White "Tindall, Brett"]
[Black "Wong, Zi Jing"]
[Result "1-0"]
[WhiteElo "2286"]
[BlackElo "2339"]
[PlyCount "65"]
[EventDate "2004.03.21"]

1. e4 c5 2. Nf3 d6 3. d4 cxd4 4. Nxd4 Nf6 5. Nc3 a6 6. Bg5 e6 7. f4 Be7 8. Qf3
Qc7 9. O-O-O h6 10. Bh4 Nbd7 11. Bd3 b5 12. Rhe1 Bb7 13. Qh3 g5 14. Bxg5 b4 15.
e5 dxe5 16. Nxe6 Qb6 17. Ng7+ Kf8 18. Na4 Qa5 19. Bxh6 Qxa4 20. fxe5 Nd5 21.
Nf5+ Ke8 22. Nd6+ Kd8 23. Nxf7+ Kc7 24. Bc4 N7b6 25. Bb3 Qc6 26. e6 Rhg8 27.
Re5 Rac8 28. Bxd5 Nxd5 29. Rexd5 Qxd5 30. Rxd5 Bxd5 31. Qd3 Bc6 32. Qxa6 Rg4
33. Ne5 1-0

[Event "DUBAI CUP 2004"]
[Site "Tagaytay, PHI"]
[Date "2004.03.25"]
[Round "6.2"]
[White "Siti, Zulaikha"]
[Black "Jones, Lee"]
[Result "0-1"]
[WhiteElo "2162"]
[BlackElo "2192"]
[PlyCount "144"]
[EventDate "2004.03.21"]

1. e4 c6 2. d3 d5 3. Nd2 g6 4. Ngf3 Bg7 5. g3 e5 6. Bg2 Nd7 7. O-O Ngf6 8. Re1
dxe4 9. dxe4 O-O 10. b3 Nb6 11. Bb2 Bg4 12. h3 Bxf3 13. Nxf3 Nfd7 14. a4 Re8
15. a5 Nc8 16. Qd2 Qc7 17. Rad1 Nf8 18. Bf1 Rb8 19. Ba3 b5 20. c4 b4 21. Bxb4
c5 22. Bc3 Rxb3 23. Qc2 Rb8 24. h4 Ne6 25. Qa4 Re7 26. Bh3 Nd4 27. Nxd4 exd4
28. Bd2 Nd6 29. Bg2 Rbe8 30. Bg5 Re6 31. f3 Nb7 32. a6 Nd8 33. Kh2 Qc6 34. Qa5
Qb6 35. Qa3 Qxa6 36. Qxc5 Rc6 37. Qb5 Qxb5 38. cxb5 Rc5 39. Bxd8 Rxd8 40. Bf1
Rc2+ 41. Re2 Rc3 42. Kg2 Bf8 43. Ra2 Bc5 44. Rd3 Rc1 45. Be2 Bb6 46. Rdd2 Rdc8
47. Bd3 R8c3 48. Be2 Kf8 49. Bd3 Ke7 50. Be2 h5 51. Kh2 Kd6 52. Kg2 Rb3 53.
Rab2 Rxb2 54. Rxb2 Kc5 55. Bd3 Rc3 56. Rd2 Kb4 57. g4 Rc1 58. Be2 Ka3 59. g5
Rb1 60. f4 Rb2 61. Rxb2 Kxb2 62. Kf3 Kc2 63. f5 d3 64. Bf1 d2 65. Be2 Bc7 66.
Ke3 Be5 67. f6 d1=Q 68. Bxd1+ Kxd1 69. Kd3 Bg3 70. Ke3 Be5 71. Kd3 Bg3 72. Ke3
Bxh4 0-1

[Event "DUBAI CUP 2004"]
[Site "Tagaytay, PHI"]
[Date "2004.03.25"]
[Round "6.3"]
[White "Jones, Brian"]
[Black "Anas, Nazreen Bakri"]
[Result "1/2-1/2"]
[WhiteElo "2176"]
[BlackElo "2204"]
[PlyCount "59"]
[EventDate "2004.03.21"]

1. d4 d5 2. c4 e6 3. Nc3 Nf6 4. Bg5 Nbd7 5. e3 Be7 6. Nf3 O-O 7. Qc2 a6 8. Rd1
c6 9. Bd3 h6 10. h4 Qc7 11. cxd5 exd5 12. g4 Bd6 13. Bxf6 Nxf6 14. g5 Ng4 15.
gxh6 Nxh6 16. Ng5 Re8 17. Kd2 f5 18. Rdg1 Re7 19. Qd1 Bd7 20. Qh5 Be8 21. Qxh6
gxh6 22. Ne6+ Kh8 23. Nxc7 Bxc7 24. f4 Rf7 25. Rg6 Kh7 26. Rhg1 Bd7 27. h5 Re8
28. a3 a5 29. Ne2 Ref8 30. R1g3 1/2-1/2

[Event "DUBAI CUP 2004"]
[Site "Tagaytay, PHI"]
[Date "2004.03.25"]
[Round "6.1"]
[White "Donguines, Fernie"]
[Black "Nguyen, Hoang Tuan"]
[Result "1-0"]
[WhiteElo "2413"]
[BlackElo "2227"]
[PlyCount "53"]
[EventDate "2004.03.21"]

1. d4 Nf6 2. Nf3 e6 3. g3 b6 4. Bg2 Bb7 5. O-O Be7 6. c4 O-O 7. Nc3 d6 8. Qc2
Nbd7 9. e4 c5 10. d5 exd5 11. cxd5 a6 12. Rd1 Qb8 13. b3 b5 14. Bb2 Re8 15. Re1
Nb6 16. Ne2 Nfd7 17. Nf4 g6 18. e5 Nxd5 19. e6 fxe6 20. Nxe6 Bf6 21. Rad1 Nb4
22. Qb1 Bxb2 23. Qxb2 Ne5 24. Nxe5 dxe5 25. Rd7 Bxg2 26. Rxe5 Ra7 27. Red5 1-0

[Event "DUBAI CUP 2004"]
[Site "Tagaytay, PHI"]
[Date "2004.03.25"]
[Round "6.2"]
[White "To, Quoc Khanh"]
[Black "Nolte, Rolando"]
[Result "0-1"]
[WhiteElo "2302"]
[BlackElo "2389"]
[PlyCount "156"]
[EventDate "2004.03.21"]

1. e4 c5 2. Nf3 d6 3. c3 Nf6 4. Be2 Nbd7 5. d3 b6 6. a4 e6 7. Na3 Bb7 8. O-O g6
9. h3 Bg7 10. Be3 O-O 11. Qd2 e5 12. c4 Ne8 13. Nb1 a5 14. Nc3 Nc7 15. g3 Ne6
16. Nh4 Nb8 17. Bh6 Nc6 18. Rae1 Ncd4 19. Bd1 f5 20. Ne2 Qxh4 21. Nxd4 Bxh6 22.
gxh4 Bxd2 23. Nxe6 Bxe1 24. Rxe1 Rf6 25. Nc7 Raf8 26. f3 fxe4 27. dxe4 Bc6 28.
Kg2 Rc8 29. Nb5 Bxb5 30. axb5 Rf4 31. Kg3 Kf7 32. Be2 Ke7 33. b3 Ra8 34. Bd1
Rg8 35. Rg1 Kf6 36. Rg2 g5 37. h5 Rh4 38. Rd2 Ke7 39. Kh2 Rf8 40. Rg2 h6 41.
Rg1 Rff4 42. Kg3 Rxh5 43. Rg2 Rhh4 44. Rg1 Rf6 45. Be2 Rhf4 46. Rh1 Kf7 47. Bd1
Kg7 48. Re1 h5 49. Re3 Kh6 50. Be2 Kg6 51. Rc3 Kf7 52. Re3 Ke7 53. Bd3 Rf8 54.
Be2 Ra8 55. Bd1 Rh8 56. Re1 Rh6 57. Re3 Rhf6 58. Be2 Rf8 59. Bd3 g4 60. hxg4
hxg4 61. fxg4 Rh8 62. Be2 Rh1 63. Kg2 Re1 64. g5 Rf8 65. g6 Rf6 66. g7 Rg6+ 67.
Kf2 Reg1 68. Rh3 Rxg7 69. Rh8 R7g2+ 70. Kf3 Rg8 71. Rh7+ R8g7 72. Rh8 Rf7+ 73.
Ke3 Rg3+ 74. Kd2 Rxb3 75. Rb8 Rf2 76. Ke1 Rh2 77. Rb7+ Kd8 78. Bd1 Rb1 0-1

[Event "DUBAI CUP 2004"]
[Site "Tagaytay, PHI"]
[Date "2004.03.25"]
[Round "6.1"]
[White "Al Sayed, Mohamad"]
[Black "Chang, Hon Kun"]
[Result "1-0"]
[WhiteElo "2446"]
[BlackElo "2110"]
[PlyCount "81"]
[EventDate "2004.03.21"]

1. e4 e5 2. Nf3 Nc6 3. Bc4 Nf6 4. d3 d6 5. Ng5 d5 6. exd5 Na5 7. O-O Bd6 8.
Bb5+ c6 9. dxc6 bxc6 10. Ba4 O-O 11. Nc3 Nd5 12. Re1 Nb6 13. Qh5 Bf5 14. Nf3
Bg6 15. Qh4 Be7 16. Qg3 Nxa4 17. Nxa4 f6 18. Nh4 Kf7 19. Nc3 Nb7 20. Qf3 Qc7
21. Ne4 Bxe4 22. Qxe4 g6 23. Nf3 Kg8 24. b3 Nd6 25. Qe2 Nf5 26. d4 Bd6 27. dxe5
fxe5 28. Bb2 Rfe8 29. Qc4+ Kf8 30. Re4 Rab8 31. Rae1 Rb4 32. Qe2 Qa5 33. Bxe5
Rxe4 34. Qxe4 Bxe5 35. Nxe5 Kg7 36. Kf1 Qc3 37. Qxc6 Qxc6 38. Nxc6 Rc8 39. Ne7
Rxc2 40. Nxf5+ gxf5 41. Re7+ 1-0

[Event "DUBAI CUP 2004"]
[Site "Tagaytay, PHI"]
[Date "2004.03.25"]
[Round "6.2"]
[White "Celis, Solomon"]
[Black "Abdulghafour, Yousef"]
[Result "0-1"]
[WhiteElo "2125"]
[BlackElo "2143"]
[PlyCount "80"]
[EventDate "2004.03.21"]

1. e4 e5 2. Nf3 Nc6 3. Bb5 Nd4 4. Nxd4 exd4 5. O-O a6 6. Bd3 d5 7. exd5 Qxd5 8.
Re1+ Be6 9. Be4 Qb5 10. a4 Qb6 11. a5 Qb5 12. Na3 Bxa3 13. Rxa3 Ne7 14. c3 dxc3
15. dxc3 O-O 16. Qf3 c6 17. Ra1 Rad8 18. Qg3 Qh5 19. Bf3 Qb5 20. h3 Rd7 21. Be2
Qb3 22. Ra3 Qc2 23. c4 Rfd8 24. Qc3 Qxc3 25. Rxc3 Nf5 26. Bf4 Nd4 27. Bf1 h6
28. Kh2 Nf5 29. Be2 Rd4 30. Bc1 Re4 31. f3 Red4 32. g4 Nh4 33. Be3 Rxc4 34.
Bxc4 Nxf3+ 35. Kg3 Nxe1 36. Bxe6 fxe6 37. Bb6 Rd2 38. Kf4 Kf7 39. b4 Re2 40.
Rc4 g5+ 0-1

[Event "DUBAI CUP 2004"]
[Site "Tagaytay, Phil."]
[Date "2004.03.26"]
[Round "7.3"]
[White "Yu, Shaoteng"]
[Black "Sitanggang, Salor"]
[Result "1-0"]
[WhiteElo "2477"]
[BlackElo "2407"]
[PlyCount "71"]
[EventDate "2004.03.21"]

1. e4 c5 2. Nc3 d6 3. Nf3 a6 4. d4 cxd4 5. Nxd4 Nf6 6. Be2 e5 7. Nb3 Be6 8. f4
Qc7 9. g4 exf4 10. Bxf4 Nc6 11. g5 Nd7 12. Qd2 Nce5 13. O-O-O Nb6 14. Kb1 Be7
15. Nd5 Bxd5 16. exd5 Nbc4 17. Qd4 O-O 18. h4 Rac8 19. Rc1 Bd8 20. Bf1 Qb8 21.
Bh3 Bb6 22. Qe4 Rce8 23. Bxe5 Nxe5 24. h5 Qc7 25. Bf5 Nc4 26. Bxh7+ Kh8 27. Qh4
Be3 28. Bd3 Bxc1 29. Nxc1 b5 30. Ne2 Nd2+ 31. Ka1 Rxe2 32. Bxe2 Qxc2 33. h6 g6
34. Qd4+ f6 35. Qa7 Rg8 36. h7 1-0

[Event "DUBAI CUP 2004"]
[Site "Tagaytay, Phil."]
[Date "2004.03.26"]
[Round "7.2"]
[White "Irzhanov, Ruslan"]
[Black "Antonio Jr, Rogelio"]
[Result "1/2-1/2"]
[WhiteElo "2501"]
[BlackElo "2523"]
[PlyCount "50"]
[EventDate "2004.03.21"]

1. Nf3 Nf6 2. g3 g6 3. Bg2 Bg7 4. O-O O-O 5. d4 d6 6. c4 c6 7. Nc3 Nbd7 8. e4
e5 9. Be3 exd4 10. Nxd4 Re8 11. h3 Nc5 12. Qc2 a5 13. Rad1 Qc7 14. b3 Bd7 15.
Rfe1 Rad8 16. f4 Re7 17. Bf2 Rde8 18. g4 h5 19. g5 Nh7 20. Re2 b6 21. Bg3 Bc8
22. a3 Bb7 23. b4 axb4 24. axb4 Nd7 25. Kh2 Ra8 {
unclear scoresheet and draw on 64 moves} 1/2-1/2

[Event "DUBAI CUP 2004"]
[Site "Tagaytay, Phil."]
[Date "2004.03.26"]
[Round "7.3"]
[White "Villamayor, Buenaventura"]
[Black "Egorov, Evgeni"]
[Result "1/2-1/2"]
[WhiteElo "2469"]
[BlackElo "2381"]
[PlyCount "82"]
[EventDate "2004.03.21"]

1. Nf3 Nc6 2. d4 d5 3. Bf4 Bg4 4. e3 e6 5. Nbd2 Bd6 6. Bxd6 cxd6 7. c4 dxc4 8.
Bxc4 d5 9. Bb5 Nge7 10. Bxc6+ Nxc6 11. O-O Rc8 12. Qb3 Bxf3 13. Nxf3 Qb6 14.
Qxb6 axb6 15. Rfc1 Ke7 16. Rc3 Na5 17. Rac1 Rxc3 18. Rxc3 Nc4 19. b3 Nd6 20.
Kf1 Ra8 21. Rc2 Kd8 22. Ke2 f6 23. Kd3 Kd7 24. Nd2 Re8 25. f3 Nf5 26. Nb1 Ne7
27. Nc3 Nc6 28. Rc1 Rc8 29. e4 e5 30. dxe5 Nxe5+ 31. Kd4 dxe4 32. Kxe4 Ke6 33.
Ne2 f5+ 34. Ke3 Rxc1 35. Nxc1 Kd5 36. h4 Ng6 37. g3 f4+ 38. Kf2 fxg3+ 39. Kxg3
h5 40. Ne2 Ke5 41. Nc3 Ne7 {unclear scoresheet and draw on 65 moves} 1/2-1/2

[Event "DUBAI CUP 2004"]
[Site "Tagaytay, Phil."]
[Date "2004.03.26"]
[Round "7.4"]
[White "Serik, Temirbaev"]
[Black "Dableo, Ronald"]
[Result "1/2-1/2"]
[WhiteElo "2459"]
[BlackElo "2426"]
[PlyCount "134"]
[EventDate "2004.03.21"]

1. d4 d5 2. c4 c6 3. Nf3 Nf6 4. e3 Bf5 5. cxd5 Nxd5 6. Bc4 e6 7. O-O Nb6 8. Bb3
Bd6 9. Qe2 O-O 10. Nc3 N8d7 11. Rd1 Re8 12. h3 h6 13. e4 Bh7 14. Be3 Kh8 15.
Ne5 Qe7 16. f4 Nxe5 17. dxe5 Bc5 18. a3 g5 19. Kh1 Bxe3 20. Qxe3 gxf4 21. Qxf4
Rg8 22. Qxh6 Qg5 23. Qf6+ Rg7 24. g4 Qxf6 25. exf6 Rg6 26. Rf1 Nd7 27. Rad1
Rxf6 28. Rxf6 Nxf6 29. Bc2 Kg7 30. Kg2 Nd5 31. exd5 Bxc2 32. Rd2 Bb3 33. dxe6
Bxe6 34. Kg3 a5 35. Ne2 c5 36. Nf4 Bb3 37. Rd3 a4 38. Rd7 b6 39. h4 b5 40. Rc7
Rd8 41. Rxc5 Bc4 42. Nh5+ Kf8 43. Rf5 Rd3+ 44. Rf3 Rd2 45. Rf2 Rd3+ 46. Kh2 Rd4
47. Nf4 Kg7 48. Kg3 Bb3 49. g5 b4 50. axb4 Rxb4 51. Nh5+ Kh7 52. Nf4 Rb5 53.
Rd2 Rb4 54. Kf3 Ba2 55. Ke3 Kg7 56. Kf3 Kh7 57. Kg4 Be6+ 58. Kg3 Ba2 59. h5 Kg7
60. g6 fxg6 61. hxg6 Rb7 62. Kg4 Bb1 63. Rd6 Kh6 64. Rd2 Kg7 65. Rd6 Kh6 66.
Rd2 Kg7 67. Rd6 Kh6 1/2-1/2

[Event "DUBAI CUP 2004"]
[Site "Tagaytay, Phil."]
[Date "2004.03.26"]
[Round "7.3"]
[White "Bitoon, Richard"]
[Black "Nones, Teodulfo"]
[Result "1-0"]
[WhiteElo "2430"]
[BlackElo "2285"]
[PlyCount "67"]
[EventDate "2004.03.21"]

1. g3 c5 2. Nf3 Nc6 3. d4 cxd4 4. Nxd4 g6 5. Bg2 Bg7 6. Nxc6 bxc6 7. O-O Nf6 8.
c4 O-O 9. Nc3 Qa5 10. Bd2 Qc5 11. Qa4 Qh5 12. Rfe1 Rb8 13. Rab1 d5 14. Qxa7 Bg4
15. e4 Bh3 16. exd5 Bxg2 17. Kxg2 cxd5 18. Bf4 Ra8 19. Qxe7 Rfe8 20. Qb7 Ng4
21. h4 dxc4 22. Rxe8+ Rxe8 23. Qc6 Rd8 24. Qxc4 Qf5 25. Rd1 Rc8 26. Qd3 Qc5 27.
Ne4 Qb6 28. Qd7 Ra8 29. Qxg4 f5 30. Qf3 fxe4 31. Qxe4 Rf8 32. b3 Qa7 33. Qd5+
Kh8 34. a4 1-0

[Event "DUBAI CUP 2004"]
[Site "Tagaytay, Phil."]
[Date "2004.03.26"]
[Round "7.1"]
[White "Senador, Emmanuel"]
[Black "Mahjoob, Morteza"]
[Result "0-1"]
[WhiteElo "2453"]
[BlackElo "2457"]
[PlyCount "134"]
[EventDate "2004.03.21"]

1. e4 c5 2. c3 g6 3. d4 cxd4 4. cxd4 d5 5. exd5 Nf6 6. Nc3 Nxd5 7. Bc4 Nb6 8.
Bb3 Bg7 9. Nf3 O-O 10. Be3 Nc6 11. d5 Na5 12. Bd4 Nxb3 13. axb3 e5 14. Bxb6
Qxb6 15. Nd2 Bf5 16. Nc4 Qd4 17. O-O Bd3 18. Re1 Bxc4 19. bxc4 Qxc4 20. Re4 Qc5
21. Qb3 Rfc8 22. Rd1 Qe7 23. d6 Qd7 24. Qd5 Qc6 25. d7 Rd8 26. Qxc6 bxc6 27.
Rc4 Bf8 28. Rxc6 Rab8 29. Rc7 Rxb2 30. Rd5 Rc2 31. g3 Kg7 32. Kf1 a5 33. Rc8
Be7 34. Ke1 Rxc3 35. Rxc3 Bb4 36. Kd2 Kf6 37. Kc2 Bxc3 38. Kxc3 Ke6 39. Rxa5
Rxd7 40. Kc2 h5 41. Rb5 Kf5 42. Rb4 g5 43. h3 Rd4 44. Rb7 f6 45. Rb8 h4 46. g4+
Kg6 47. Rb3 Rf4 48. f3 Ra4 49. Kd3 Ra2 50. Ke3 Rh2 51. Rb1 Rxh3 52. Rg1 Rg3 53.
Ra1 Rg2 54. Rb1 h3 55. Rb8 h2 56. Rh8 f5 57. gxf5+ Kxf5 58. Rf8+ Ke6 59. Re8+
Kd5 60. Rd8+ Ke6 61. Re8+ Kf6 62. Rh8 Kg7 63. Rh3 Rb2 64. Rh5 Ra2 65. Kd3 e4+
66. fxe4 g4 67. Ke3 Ra3+ 0-1

[Event "DUBAI CUP 2004"]
[Site "Tagaytay, Phil."]
[Date "2004.03.26"]
[Round "7.2"]
[White "Moradiabadi, Elshan"]
[Black "Nadera, Barlo"]
[Result "0-1"]
[WhiteElo "2383"]
[BlackElo "2390"]
[PlyCount "112"]
[EventDate "2004.03.21"]

1. d4 d5 2. c4 e6 3. Nc3 Nf6 4. Bg5 c6 5. e3 Nbd7 6. Nf3 Be7 7. Qc2 h6 8. Bh4
b6 9. cxd5 exd5 10. Bd3 Bb7 11. O-O O-O 12. Rad1 Re8 13. Bf5 Nf8 14. Ne5 N6d7
15. Bg3 Nxe5 16. dxe5 Bh4 17. Bxh4 Qxh4 18. f4 Red8 19. Rf3 Qe7 20. Rg3 f6 21.
exf6 Qxf6 22. Ne2 c5 23. b4 Ba6 24. Nc1 cxb4 25. Nb3 Kh8 26. Nd4 Re8 27. Nc6
Bc8 28. Bd3 a5 29. Ne5 Be6 30. Qe2 Ra7 31. Qh5 Bf7 32. Qg4 Be6 33. Qh5 Rc8 34.
Rf1 Rac7 35. Ba6 Rd8 36. Bd3 Rdc8 37. h3 a4 38. Qd1 b3 39. axb3 a3 40. Qd2 Rc3
41. Ba6 R8c5 42. b4 Rc7 43. Bd3 Rb3 44. Rb1 Rcc3 45. Rxb3 Rxb3 46. Rf3 d4 47.
exd4 Bd5 48. Rf1 Rb2 49. Bc2 Be4 50. Qe3 Bxg2 51. Kxg2 Rxc2+ 52. Kh1 a2 53. d5
Rb2 54. Qd3 Rxb4 55. Qc3 Rxf4 56. Ra1 Rf1+ 0-1

[Event "DUBAI CUP 2004"]
[Site "Tagaytay, Phil."]
[Date "2004.03.26"]
[Round "7.1"]
[White "Situru, Nathanael"]
[Black "Tindall, Brett"]
[Result "1-0"]
[WhiteElo "2375"]
[BlackElo "2286"]
[PlyCount "61"]
[EventDate "2004.03.21"]

1. e4 e6 2. d4 d5 3. Nc3 dxe4 4. Nxe4 Nd7 5. Nf3 Be7 6. Bd3 Ngf6 7. O-O Nxe4 8.
Bxe4 Nf6 9. Bd3 O-O 10. Bf4 b6 11. Qe2 Bb7 12. Rad1 Qd7 13. c4 Rad8 14. Bc2
Rfe8 15. Ne5 Qc8 16. Bg5 c5 17. Bxf6 Bxf6 18. Bxh7+ Kf8 19. Qh5 Qc7 20. Rfe1
cxd4 21. Bd3 g6 22. Qh6+ Kg8 23. f4 Bg7 24. Qh3 Bxe5 25. Rxe5 Kg7 26. Qg3 Rh8
27. Bxg6 fxg6 28. Rxe6 Rh6 29. Qg5 Rd7 30. Qf6+ Kh7 31. Rde1 1-0

[Event "DUBAI CUP 2004"]
[Site "Tagaytay, Phil."]
[Date "2004.03.26"]
[Round "7.2"]
[White "Jones, Lee"]
[Black "Halay, Taufik"]
[Result "1-0"]
[WhiteElo "2192"]
[BlackElo "2212"]
[PlyCount "79"]
[EventDate "2004.03.21"]

1. d4 Nf6 2. c4 c5 3. d5 b5 4. a4 bxc4 5. Nc3 d6 6. e4 Ba6 7. f4 g6 8. Nf3 Bg7
9. Be2 Nfd7 10. O-O O-O 11. Be3 Bc8 12. Bxc4 Na6 13. Qe2 Qb6 14. a5 Qb7 15. h3
Rb8 16. Bc1 Nc7 17. e5 a6 18. Ra3 Qa8 19. Re1 Bb7 20. Rd1 dxe5 21. fxe5 e6 22.
dxe6 Bxf3 23. exf7+ Kh8 24. gxf3 Nxe5 25. Nd5 Nb5 26. Bxb5 axb5 27. Bf4 Nc4 28.
Nb6 Rxb6 29. axb6 Nxa3 30. Qe7 h6 31. b7 Qa4 32. Rd8 Bd4+ 33. Rxd4 Qxd4+ 34.
Kg2 Qd8 35. Be5+ Kh7 36. Qxd8 Rxd8 37. bxa3 c4 38. f4 g5 39. f5 h5 40. Kf3 1-0

[Event "DUBAI CUP 2004"]
[Site "Tagaytay, Phil."]
[Date "2004.03.26"]
[Round "7.3"]
[White "Askali, Nurdin"]
[Black "Jones, Brian"]
[Result "1-0"]
[WhiteElo "2323"]
[BlackElo "2176"]
[PlyCount "105"]
[EventDate "2004.03.21"]

1. d4 Nf6 2. Nf3 g6 3. g3 Bg7 4. Bg2 O-O 5. O-O d6 6. c4 Nc6 7. Nc3 e5 8. h3
Re8 9. Be3 exd4 10. Nxd4 Ne5 11. b3 c6 12. Qd2 Qa5 13. Rad1 Be6 14. Bg5 Ned7
15. e4 h6 16. Bf4 Ne5 17. Be3 Rad8 18. f4 Bxc4 19. bxc4 Nxc4 20. Qc1 d5 21. Nb3
Qc7 22. e5 Nd7 23. Bf2 Nf8 24. Na4 g5 25. Nb2 Nxb2 26. Qxb2 gxf4 27. gxf4 Re6
28. Nd4 Rg6 29. Nf5 Qd7 30. Nh4 Re6 31. Rfe1 Rde8 32. Bg3 f6 33. f5 Rxe5 34.
Bxe5 fxe5 35. Qf2 Bf6 36. Ng6 Qg7 37. Kh1 Kh7 38. Nxf8+ Qxf8 39. Qxa7 Re7 40.
Rb1 Qf7 41. Re3 e4 42. Reb3 b5 43. Qc5 Be5 44. Qxc6 Rc7 45. Qg6+ Qxg6 46. fxg6+
Kxg6 47. Rxb5 e3 48. Rxd5 Bg3 49. Be4+ Kf6 50. Kg2 Bf2 51. Kf3 Rc4 52. Rb6+ Ke7
53. Bf5 1-0

[Event "DUBAI CUP 2004"]
[Site "Tagaytay, Phil."]
[Date "2004.03.26"]
[Round "7.1"]
[White "Faisal, Alsharhan"]
[Black "Al Sayed, Mohamad"]
[Result "1/2-1/2"]
[WhiteElo "2125"]
[BlackElo "2446"]
[PlyCount "68"]
[EventDate "2004.03.21"]

1. d4 g6 2. Nf3 Bg7 3. c3 d6 4. Bg5 Nf6 5. Nbd2 O-O 6. e3 Nbd7 7. Bd3 e5 8. O-O
Qe8 9. dxe5 dxe5 10. e4 h6 11. Bh4 Nh5 12. Re1 Nc5 13. Bf1 a5 14. Qc2 Nf4 15.
Nc4 Bg4 16. Nfd2 Qa4 17. b3 Qc6 18. f3 Bc8 19. a4 Bf6 20. Bf2 Rd8 21. Red1 Be6
22. Rab1 h5 23. Nb2 b6 24. b4 Nb7 25. Bb5 Qd6 26. Nbc4 Qe7 27. Bc6 Rab8 28.
Bxb7 Rxb7 29. bxa5 Bg7 30. axb6 cxb6 31. Bxb6 Rc8 32. Kh1 Rd7 33. Ne3 h4 34.
Ndf1 Rxd1 1/2-1/2